| 000 | 00626 a2200205 4500 | ||
|---|---|---|---|
| 005 | 20251124113354.0 | ||
| 010 | _aENG-147125 | ||
| 020 | _c300.00 | ||
| 035 | _aEN-130657 | ||
| 037 | _bDBAD | ||
| 082 |
_a503 _21 |
||
| 100 |
_aNavaratna Book House _985725 |
||
| 245 |
_aScience Dictionary: _bEnglish-English/ _cby Navaratna Book House |
||
| 260 |
_aVijayawada _bNavaratna Book House _c2023 |
||
| 270 |
_a# 28-22-20, Rahiman Street, Arundel Pet, _bVijayawada _e520002 |
||
| 300 |
_a256p. _c22cm.(pb) |
||
| 500 | _aFor High Scholl & College Students | ||
| 700 | _99757 | ||
| 942 |
_adpl _cEN _2ddc _mSCI _h503 |
||
| 999 |
_c213803 _d213803 |
||